[Event "PRO League Group Stage"]
[Site "chess.com INT"]
[Date "2018.02.04"]
[Round "4"]
[White "Dek, Lennart"]
[Black "Manukian, Artak"]
[Result "0-1"]
[WhiteTitle "FM"]
[WhiteElo "2279"]
[BlackElo "2196"]
[WhiteTeam "Amsterdam Mosquitoes"]
[BlackTeam "Armenia Eagles"]
[WhiteFideId "1013114"]
[BlackFideId "13301373"]
[EventDate "2018.01.18"]

1. e4 c6 2. d4 d5 3. exd5 cxd5 4. Bd3 Nc6 5. c3 Nf6 6. Bf4 Bg4 7. Qb3 e5 8. dxe5
Nh5 9. Be3 Nxe5 10. Bb5+ Nc6 11. Nd2 Bd6 12. Ngf3 O-O 13. Qxd5 Nf4 14. Bxf4 Bxf4
15. Qxd8 Raxd8 16. O-O-O Rd6 17. b3 Bxf3 18. gxf3 Rfd8 19. Rhg1 h5 20. Bc4 Rxd2
21. Rxd2 Rxd2 22. Kb1 Ne5 0-1

[Event "PRO League Group Stage"]
[Site "chess.com INT"]
[Date "2018.02.04"]
[Round "4"]
[White "Roberson, Peter T"]
[Black "Vaibhav, Suri"]
[Result "1-0"]
[WhiteTitle "IM"]
[BlackTitle "GM"]
[WhiteElo "2412"]
[BlackElo "2542"]
[WhiteTeam "London Towers"]
[BlackTeam "Delhi Dynamite"]
[WhiteFideId "412384"]
[BlackFideId "5045185"]
[EventDate "2018.01.18"]

1. e4 c5 2. d3 Nc6 3. f4 g6 4. Nf3 Bg7 5. Be2 d6 6. O-O e6 7. Qe1 Nge7 8. Nc3
Nd4 9. Bd1 O-O 10. Nxd4 cxd4 11. Ne2 f5 12. Kh1 Nc6 13. Ng1 e5 14. Nf3 fxe4 15.
Qxe4 d5 16. Qe1 exf4 17. Bd2 g5 18. Qf2 g4 19. Ng1 Be5 20. Ne2 f3 21. Ng3 Qh4
22. gxf3 gxf3 23. Bxf3 Bh3 24. Bxd5+ Kh8 25. Qxf8+ Rxf8 26. Rxf8+ Kg7 27. Rg8+
Kf6 28. Bg5+ Qxg5 29. Ne4+ 1-0

[Event "PRO League Group Stage"]
[Site "chess.com INT"]
[Date "2018.02.04"]
[Round "4"]
[White "Roberson, Peter T"]
[Black "Andriasian, Zaven"]
[Result "0-1"]
[WhiteTitle "IM"]
[BlackTitle "GM"]
[WhiteElo "2412"]
[BlackElo "2585"]
[WhiteTeam "London Towers"]
[BlackTeam "Armenia Eagles"]
[WhiteFideId "412384"]
[BlackFideId "13302000"]
[EventDate "2018.01.18"]

1. d4 Nf6 2. Nc3 d6 3. e4 g6 4. Be3 Bg7 5. Qd2 c6 6. Bh6 Bxh6 7. Qxh6 Nbd7 8.
Nf3 Qa5 9. O-O-O b5 10. e5 b4 11. Nb1 dxe5 12. dxe5 Nxe5 13. Qg5 Bf5 14. Nxe5
Qxe5 15. Bd3 h6 16. Qh4 Bg4 17. f3 g5 18. Qf2 Be6 19. Rhe1 Qxh2 20. Nd2 Rd8 21.
Kb1 Kf8 22. Qxa7 Qb8 23. Qxb8 Rxb8 24. Bc4 Bd5 25. Bxd5 cxd5 26. Re3 e6 27. c3
bxc3 28. Rxc3 h5 29. a4 Kg7 30. Kc2 d4 31. Rc7 Nd5 32. Rd7 Ne3+ 0-1

[Event "PRO League Group Stage"]
[Site "chess.com INT"]
[Date "2018.02.04"]
[Round "4"]
[White "Grigoriants, Sergey"]
[Black "Stefansson, Hannes"]
[Result "0-1"]
[WhiteTitle "GM"]
[BlackTitle "GM"]
[WhiteElo "2568"]
[BlackElo "2523"]
[WhiteTeam "Volga Stormbringers"]
[BlackTeam "Reykjavik Puffins"]
[WhiteFideId "4130804"]
[BlackFideId "2300087"]
[EventDate "2018.01.18"]

1. e4 c5 2. Nc3 Nc6 3. Nf3 e6 4. d4 cxd4 5. Nxd4 a6 6. a3 d6 7. Be3 Nf6 8. f4
Nxd4 9. Bxd4 b5 10. Bd3 Bb7 11. O-O Be7 12. Qe1 O-O 13. Qg3 g6 14. Rae1 Nh5 15.
Qg4 Nxf4 16. Qxf4 e5 17. Bxe5 dxe5 18. Qxe5 Bd6 19. Qf6 Qxf6 20. Rxf6 Be5 21.
Rf3 f5 22. Rff1 fxe4 23. Nxe4 Rxf1+ 24. Rxf1 Bxb2 25. c4 Rd8 26. Nf2 Bd4 27. Be2
bxc4 28. Bxc4+ Kg7 29. Re1 Bc5 30. Rb1 Bc8 31. Kf1 Rf8 32. Rb2 Bxa3 33. Ra2 Bc5
34. Ke1 a5 35. Nd3 Bb6 36. Rb2 Bc7 37. g3 Rd8 38. Kd2 Kh6 39. Kc3 Rf8 40. Rb5
Bf5 41. Rc5 Bd8 42. Ne5 Kg7 43. Rb5 Re8 44. Kd4 Bf6 45. Rxa5 h5 46. h4 Re7 47.
Rc5 Kh6 48. Rb5 g5 49. Rc5 gxh4 50. gxh4 Bxh4 51. Rc6+ Kg7 52. Bd3 Be6 53. Bc4
Bf2+ 54. Ke4 Bxc4 55. Rxc4 Bg3 56. Rc5 h4 57. Kf3 Bxe5 58. Kg4 Bf6 59. Rc4 Kg6
60. Kh3 Re3+ 61. Kg2 Kg5 62. Rc5+ Be5 63. Rc1 Re2+ 64. Kh1 Kg4 65. Rc4+ Bf4 66.
Ra4 Kg3 67. Ra3+ Be3 0-1

[Event "PRO League Group Stage"]
[Site "chess.com INT"]
[Date "2018.02.04"]
[Round "4"]
[White "Porper, Edward"]
[Black "Reimanis, Ritvars"]
[Result "1-0"]
[WhiteTitle "IM"]
[BlackTitle "FM"]
[WhiteElo "2377"]
[BlackElo "2335"]
[WhiteTeam "London Lions"]
[BlackTeam "Riga Magicians"]
[WhiteFideId "2801604"]
[BlackFideId "11602988"]
[EventDate "2018.01.18"]

1. Nf3 e6 2. c4 d5 3. g3 c6 4. Qc2 f5 5. Bg2 Nf6 6. O-O Be7 7. d3 O-O 8. Nc3 a5
9. Rd1 Qb6 10. Be3 Qd8 11. Bg5 Nbd7 12. cxd5 exd5 13. e4 h6 14. Bxf6 Nxf6 15. e5
Ne8 16. Ne2 g5 17. Qc3 Ng7 18. Nfd4 f4 19. f3 Bb4 20. Qc2 Qe7 21. a3 Bc5 22. Kh1
Ba7 23. Qc3 Qxe5 24. Re1 fxg3 25. Nxc6 Qxc3 26. Ne7+ Kf7 27. Nxc3 Bf2 28. Re2
Be6 29. Nexd5 Rad8 30. f4 Nf5 31. Rf1 g4 32. Nc7 Bc8 33. Bd5+ Kg7 34. Nd1 Bb6
35. Ne6+ Bxe6 36. Bxe6 Nd4 37. Re4 gxh2 38. Bxg4 Nc6 39. Rf3 Rfe8 40. Nc3 Rxe4
41. Nxe4 Bg1 42. Be6 Kf8 43. Rg3 Ke7 44. f5 Rf8 45. Rg7+ Kd8 46. Rd7+ Ke8 47.
Nd6# 1-0

[Event "PRO League Group Stage"]
[Site "chess.com INT"]
[Date "2018.02.04"]
[Round "4"]
[White "Grigoriants, Sergey"]
[Black "Skoberne, Jure"]
[Result "1-0"]
[WhiteTitle "GM"]
[BlackTitle "GM"]
[WhiteElo "2568"]
[BlackElo "2553"]
[WhiteTeam "Volga Stormbringers"]
[BlackTeam "Ljubljana Turtles"]
[WhiteFideId "4130804"]
[BlackFideId "14604299"]
[EventDate "2018.01.18"]

1. e4 e6 2. d4 d5 3. Nd2 h6 4. Bd3 c5 5. c3 Nc6 6. Ngf3 Nf6 7. O-O cxd4 8. cxd4
dxe4 9. Nxe4 Be7 10. Qe2 Nxe4 11. Bxe4 O-O 12. Rd1 Nb4 13. Ne5 Nd5 14. Rd3 Nf6
15. Bxh6 Nxe4 16. Qxe4 f5 17. Qf4 gxh6 18. Qxh6 Bh4 19. Qg6+ Kh8 20. Rh3 1-0

[Event "PRO League Group Stage"]
[Site "chess.com INT"]
[Date "2018.02.04"]
[Round "4"]
[White "Grigoriants, Sergey"]
[Black "Roberson, Peter T"]
[Result "1-0"]
[WhiteTitle "GM"]
[BlackTitle "IM"]
[WhiteElo "2568"]
[BlackElo "2412"]
[WhiteTeam "Volga Stormbringers"]
[BlackTeam "London Towers"]
[WhiteFideId "4130804"]
[BlackFideId "412384"]
[EventDate "2018.01.18"]

1. e4 e6 2. d4 d5 3. Nd2 c5 4. exd5 Qxd5 5. dxc5 Nf6 6. Ngf3 Qxc5 7. Bd3 Nbd7 8.
O-O Qc7 9. a4 Nc5 10. Bc4 Be7 11. b3 O-O 12. Bb2 b6 13. Qe2 Bb7 14. Rad1 Rad8
15. Ne5 Nce4 16. Nxe4 Bxe4 17. Nxf7 Rxf7 18. Bxf6 Rxf6 19. Qxe4 Bc5 20. Bxe6+
Kh8 21. Rxd8+ Qxd8 22. Bg4 h6 23. b4 Bd6 24. g3 Qe7 25. Re1 Qf8 26. c3 Rxf2 27.
Qd3 Rf7 28. Bd1 Rd7 29. Qg6 Qf7 30. Re8+ Bf8 31. Qxf7 Rxf7 32. Ra8 g5 33. Bb3
Rf3 34. Kg2 g4 35. Bd5 Rf5 36. Be6 Rf6 37. Bxg4 Kg7 38. Rxa7+ Kg6 39. Bf3 Rd6
40. Rc7 Bg7 41. c4 Rd2+ 42. Kh3 Rb2 43. Rc6+ Kg5 44. Rxb6 Bd4 45. Rb5+ Kf6 46.
a5 Bg1 47. Kg4 Rxh2 48. Kf4 Ba7 49. c5 Rc2 50. Rb7 Rc4+ 51. Be4 h5 52. Rxa7 Rd4
53. Ra6+ 1-0

[Event "PRO League Group Stage"]
[Site "chess.com INT"]
[Date "2018.02.04"]
[Round "4"]
[White "Porper, Edward"]
[Black "Kunitson, Nikolai"]
[Result "1-0"]
[WhiteTitle "IM"]
[WhiteElo "2377"]
[BlackElo "2053"]
[WhiteTeam "London Lions"]
[BlackTeam "Estonia Horses"]
[WhiteFideId "2801604"]
[BlackFideId "4502426"]
[EventDate "2018.01.18"]

1. c4 d6 2. d4 g6 3. Nc3 Bg7 4. e4 Nf6 5. Be2 O-O 6. Nf3 e5 7. d5 c6 8. O-O cxd5
9. cxd5 Nbd7 10. Bg5 h6 11. Bh4 g5 12. Bg3 Nh5 13. Nd2 Nf4 14. Bg4 a6 15. Nc4
Qe7 16. Ne3 Nc5 17. Bxc8 Raxc8 18. Nf5 Qf6 19. f3 Kh7 20. Bf2 Ncd3 21. Qd2 b5
22. a3 Rc7 23. Be3 Nc5 24. Rad1 Rfc8 25. g3 Ng6 26. Qf2 Ne7 27. Nxe7 Qxe7 28.
Qe2 Rf8 29. Na2 f5 30. exf5 Rxf5 31. Bxc5 e4 32. Bd4 Bxd4+ 33. Rxd4 exf3 34. Qd3
f2+ 35. Kg2 1-0

[Event "PRO League Group Stage"]
[Site "chess.com INT"]
[Date "2018.02.04"]
[Round "4"]
[White "Pantsulaia, Levan"]
[Black "Haldorsen, Benjamin"]
[Result "1-0"]
[WhiteTitle "GM"]
[BlackTitle "FM"]
[WhiteElo "2605"]
[BlackElo "2405"]
[WhiteTeam "Stockholm Snowballs"]
[BlackTeam "Oslo Trolls"]
[WhiteFideId "13602071"]
[BlackFideId "1512633"]
[EventDate "2018.01.18"]

1. Nf3 Nf6 2. g3 g6 3. b3 Bg7 4. Bb2 O-O 5. Bg2 d6 6. d4 c6 7. O-O Re8 8. Re1
Qc7 9. Nbd2 Nbd7 10. e4 e5 11. Nc4 b5 12. dxe5 dxe5 13. Qd6 Qxd6 14. Nxd6 Re6
15. Nxc8 Rxc8 16. a4 b4 17. Bh3 Re7 18. Rad1 Rc7 19. Nd2 Nc5 20. f3 Nfd7 21. Nc4
Ne6 22. Bxe6 Rxe6 23. Rd3 f6 24. Red1 Nc5 25. Rd8+ Bf8 26. Bc1 Kf7 27. Be3 Be7
28. Rh8 Kg7 29. Ra8 f5 30. exf5 gxf5 31. Re8 Nd7 32. Kg2 Kf7 33. Rh8 Kg7 34. Ra8
c5 35. a5 h5 36. Bf2 Nf8 37. Ne3 f4 38. Nf5+ Kf7 39. Rd5 Ng6 40. Nxe7 Rexe7 41.
Bxc5 Re6 42. Rxa7 Rxa7 43. Bxa7 fxg3 44. hxg3 h4 45. Be3 hxg3 46. Kxg3 Ne7 47.
Rb5 Rc6 48. Rc5 Re6 49. Kf2 Nf5 50. Rc4 Kf6 51. Rxb4 Ne7 52. Rb6 Nd5 53. Rxe6+
Kxe6 54. a6 1-0

[Event "PRO League Group Stage"]
[Site "chess.com INT"]
[Date "2018.02.04"]
[Round "4"]
[White "Pantsulaia, Levan"]
[Black "Zwardon, Vojtech"]
[Result "0-1"]
[WhiteTitle "GM"]
[BlackTitle "IM"]
[WhiteElo "2605"]
[BlackElo "2412"]
[WhiteTeam "Stockholm Snowballs"]
[BlackTeam "Riga Magicians"]
[WhiteFideId "13602071"]
[BlackFideId "325511"]
[EventDate "2018.01.18"]

1. Nf3 c5 2. c4 Nc6 3. Nc3 g6 4. e3 Bg7 5. d4 cxd4 6. exd4 d6 7. d5 Ne5 8. Nxe5
Bxe5 9. Bd3 Bg7 10. O-O Nf6 11. Re1 O-O 12. h3 a6 13. Bg5 Re8 14. Qd2 Bd7 15. a4
Qa5 16. Qc2 Rac8 17. Qb3 Qc7 18. Be3 e6 19. Bb6 Qb8 20. Bd4 e5 21. Bb6 Bf5 22.
Bxf5 gxf5 23. a5 Nd7 24. Na4 e4 25. Rac1 Ne5 26. Red1 Nd3 27. Rxd3 exd3 28. Qxd3
f4 29. Bd4 Be5 30. Nb6 Rc7 31. Bxe5 Rxe5 32. Qf3 Rce7 33. Qxf4 f5 34. Rc3 Qf8
35. Rf3 Rg7 36. Kh2 Qf6 37. b4 Rf7 38. c5 dxc5 39. bxc5 Re4 40. Qb8+ Rf8 41.
Qxb7 f4 42. d6 Re1 43. Nd5 Qa1 44. Rxf4 Qe5 45. g3 Rxf4 46. Nxf4 Qxc5 47. Qb3+
Kf8 48. Qf3 Ke8 49. Nd3 Qxa5 50. Qc6+ Kf7 51. Qf3+ Ke6 52. Nxe1 Qxe1 53. d7 Kxd7
54. Qb7+ Kd8 55. Kg2 a5 56. Qxh7 Qb4 57. Qd3+ Ke7 58. h4 a4 59. h5 a3 60. h6 Kf6 0-1

[Event "PRO League Group Stage"]
[Site "chess.com INT"]
[Date "2018.02.04"]
[Round "4"]
[White "Porper, Edward"]
[Black "Stokke, Kjetil"]
[Result "1/2-1/2"]
[WhiteTitle "IM"]
[BlackTitle "IM"]
[WhiteElo "2377"]
[BlackElo "2336"]
[WhiteTeam "London Lions"]
[BlackTeam "Oslo Trolls"]
[WhiteFideId "2801604"]
[BlackFideId "1502964"]
[EventDate "2018.01.18"]

1. d4 Nf6 2. Bg5 c5 3. Bxf6 gxf6 4. d5 d6 5. Nc3 f5 6. e3 Nd7 7. Nf3 Nf6 8. Bb5+
Bd7 9. Qd3 Bxb5 10. Qxb5+ Qd7 11. a4 Bg7 12. Nd2 Qxb5 13. axb5 Kd7 14. Nc4 Ng4
15. Na4 Kc7 16. Ke2 Ne5 17. Nd2 Nd7 18. Ra2 a6 19. bxa6 Rxa6 20. c4 Nb6 21. Rha1
Nxa4 22. Rxa4 Rxa4 23. Rxa4 Bxb2 24. Nb1 e6 25. Ra2 Bf6 26. Na3 Rb8 27. Nb5+ Kd7
28. Rd2 Be7 29. Ra2 h5 30. Kf3 h4 31. h3 Bf6 32. Rd2 Be7 33. Ra2 Bf6 34. Rd2 Be7
35. Ra2 1/2-1/2

[Event "PRO League Group Stage"]
[Site "chess.com INT"]
[Date "2018.02.04"]
[Round "4"]
[White "Porper, Edward"]
[Black "Chizhikov, Vladislav"]
[Result "1/2-1/2"]
[WhiteTitle "IM"]
[BlackTitle "FM"]
[WhiteElo "2377"]
[BlackElo "2313"]
[WhiteTeam "London Lions"]
[BlackTeam "Volga Stormbringers"]
[WhiteFideId "2801604"]
[BlackFideId "4178157"]
[EventDate "2018.01.18"]

1. d4 d5 2. Nf3 c6 3. c4 e6 4. Nc3 Nf6 5. Bg5 dxc4 6. e4 b5 7. e5 h6 8. Bh4 g5
9. Nxg5 hxg5 10. Bxg5 Nbd7 11. exf6 Bb7 12. Be2 Qb6 13. Bf3 O-O-O 14. a4 Ne5 15.
dxe5 Rxd1+ 16. Rxd1 Qc5 17. Bf4 Bh6 18. Bg3 Qb4 19. O-O Qxb2 20. Ne4 c3 21. Nd6+
Kc7 22. Nxf7 c2 23. Nxh8 bxa4 24. Ra1 a3 25. f7 Ba6 26. Rfe1 a2 27. Ng6 Qb4 28.
Bf4 Bg7 29. Be4 Qc3 30. f8=Q Bxf8 31. Nxf8 Bc4 32. h4 Be2 33. f3 Bd1 34. Rexd1
cxd1=Q+ 35. Rxd1 a1=Q 36. Rxa1 Qxa1+ 37. Kh2 Qe1 38. Ng6 a5 39. h5 a4 40. h6 a3
41. h7 a2 42. h8=Q a1=Q 43. Qg7+ Kb6 44. Qe7 Qh1+ 45. Kg3 Qae1+ 46. Kg4 Qxg2+
47. Kh5 Qh3+ 48. Nh4 c5 49. Qd6+ Kb5 50. Bd3+ Ka4 51. Qa6+ Kb3 52. Qc4+ Kb2 53.
Qc2+ Ka1 54. Qa4+ Kb2 55. Qc2+ Ka1 56. Qa4+ Kb2 57. Qc2+ Ka1 58. Qa4+ Kb2 59.
Qc2+ 1/2-1/2

[Event "PRO League Group Stage"]
[Site "chess.com INT"]
[Date "2018.02.04"]
[Round "4"]
[White "Degraeve, Jean-Marc"]
[Black "Lalith, Babu M R"]
[Result "1/2-1/2"]
[WhiteTitle "GM"]
[BlackTitle "GM"]
[WhiteElo "2570"]
[BlackElo "2542"]
[WhiteTeam "Marseille Migraines"]
[BlackTeam "Delhi Dynamite"]
[WhiteFideId "600270"]
[BlackFideId "5024595"]
[EventDate "2018.01.18"]

1. e4 c6 2. d4 d5 3. e5 Bf5 4. h4 h6 5. g4 Bd7 6. h5 e6 7. Be3 Qb6 8. Nd2 c5 9.
dxc5 Bxc5 10. Bxc5 Qxc5 11. Ne2 Nc6 12. f4 Nge7 13. Nb3 Qb6 14. Qd2 O-O-O 15.
O-O-O Kb8 16. Nbd4 Rc8 17. Rh3 Nxd4 18. Nxd4 Nc6 19. Nb5 f6 20. Nd6 Rc7 21. Nb5
Rcc8 22. Nd6 Rc7 23. Nb5 fxe5 24. Nxc7 Qxc7 25. fxe5 Nxe5 26. g5 Qd6 27. gxh6
gxh6 28. Qh2 Rf8 29. Re1 Rf5 30. Kb1 Qc7 31. Bd3 Nxd3 32. Qxc7+ Kxc7 33. cxd3
Kd6 34. Rg1 Be8 35. Rg7 Kc6 36. Rh7 Bxh5 37. Rxh6 Bf7 38. Rh2 Rf1+ 39. Kc2 Kc5
40. R6h4 a5 41. Re2 Kd6 42. Rhh2 Bg6 43. Rhf2 Ra1 44. a3 Bf5 45. Rg2 Rf1 46. Rg7
Rf3 47. Rd2 Kc6 48. Rgg2 e5 49. Rh2 b6 50. Rh5 Kc5 51. Rhh2 a4 52. Rh8 b5 53.
Rhh2 d4 54. Rh5 Kd5 55. Rg5 Kc5 56. Rh5 b4 57. axb4+ Kxb4 58. Rg5 Be6 59. Re2
Bf5 60. Rd2 Rf1 61. Re2 Rf3 62. Rd2 e4 63. Rxf5 exd3+ 64. Rxd3 Rxf5 65. Rxd4+
Kb5 66. Rh4 1/2-1/2

[Event "PRO League Group Stage"]
[Site "chess.com INT"]
[Date "2018.02.04"]
[Round "4"]
[White "Degraeve, Jean-Marc"]
[Black "Hansen, Torbjorn Ringdal"]
[Result "1-0"]
[WhiteTitle "GM"]
[BlackTitle "GM"]
[WhiteElo "2570"]
[BlackElo "2410"]
[WhiteTeam "Marseille Migraines"]
[BlackTeam "Norway Gnomes"]
[WhiteFideId "600270"]
[BlackFideId "1501720"]
[EventDate "2018.01.18"]

1. e4 c6 2. d4 d5 3. e5 c5 4. dxc5 e6 5. a3 Bxc5 6. b4 Be7 7. Nf3 a5 8. b5 Nd7
9. Bd3 f6 10. Bb2 Nh6 11. O-O Nf7 12. exf6 Bxf6 13. Bxf6 Qxf6 14. Nbd2 e5 15.
Be2 e4 16. Ne1 O-O 17. c4 Nde5 18. cxd5 Nd6 19. Nc2 Bd7 20. a4 Qg5 21. Ra3 Nd3
22. Nxe4 Nxe4 23. Rxd3 Rac8 24. Ne3 Bh3 25. Bg4 Nc3 26. Bxh3 Nxd1 27. Rfxd1 Rcd8
28. g3 Qf6 29. R3d2 Qc3 30. d6 Qb4 31. Rd4 Qb2 32. R1d2 Qa3 33. d7 g6 34. Kg2
Kg7 35. Bg4 h5 36. Be6 Qe7 37. Bh3 Qf6 38. Nd5 Qf3+ 39. Kg1 g5 40. Nc7 g4 41.
Ne6+ Kh8 42. Bg2 Qa3 43. Nxf8 Qxf8 44. Bxb7 Qc5 45. Bc6 Kg7 46. Kg2 Qf5 47. Rf4
Qc5 48. Re4 Qc3 49. Re8 Qf6 50. Rxd8 Qxd8 51. Re2 1-0

[Event "PRO League Group Stage"]
[Site "chess.com INT"]
[Date "2018.02.04"]
[Round "4"]
[White "Degraeve, Jean-Marc"]
[Black "Petrosyan, Manuel"]
[Result "0-1"]
[WhiteTitle "GM"]
[BlackTitle "GM"]
[WhiteElo "2570"]
[BlackElo "2570"]
[WhiteTeam "Marseille Migraines"]
[BlackTeam "Armenia Eagles"]
[WhiteFideId "600270"]
[BlackFideId "13300857"]
[EventDate "2018.01.18"]

1. e4 e5 2. Nf3 Nc6 3. Bc4 Bc5 4. c3 Nf6 5. d3 d6 6. O-O a5 7. a4 h6 8. Re1 O-O
9. h3 Be6 10. Bxe6 fxe6 11. Na3 Ne7 12. Qb3 Qd7 13. d4 exd4 14. cxd4 Bb4 15. Bd2
Bxd2 16. Nxd2 d5 17. Rad1 Nc6 18. Nb5 Rf7 19. exd5 exd5 20. Nf3 Ne4 21. Ne5 Nxe5
22. dxe5 Qf5 23. f3 Ng5 24. Nd4 Qg6 25. Qxd5 Nxh3+ 26. Kf1 Nf4 27. Qxf7+ Qxf7
28. e6 Qg6 29. Rd2 Re8 30. Re4 c5 31. Nb5 Rxe6 32. Nc3 Rxe4 33. Nxe4 Qa6+ 34.
Kf2 Nd3+ 35. Ke3 c4 36. Ke2 Qb6 37. Kf1 Qe3 38. Rd1 b6 39. Rb1 Nxb2 40. Re1 Qd3+
41. Kg1 Nxa4 42. Nf2 Qd7 43. Ne4 c3 44. Rc1 Qd4+ 45. Kh1 b5 0-1

[Event "PRO League Group Stage"]
[Site "chess.com INT"]
[Date "2018.02.04"]
[Round "4"]
[White "Klimakovs, Sergejs"]
[Black "Alekseenko, Kirill"]
[Result "1-0"]
[WhiteTitle "FM"]
[BlackTitle "GM"]
[WhiteElo "2309"]
[BlackElo "2594"]
[WhiteTeam "Riga Magicians"]
[BlackTeam "Stockholm Snowballs"]
[WhiteFideId "11602066"]
[BlackFideId "4135539"]
[EventDate "2018.01.18"]

1. e4 c5 2. Nf3 Nc6 3. Nc3 d6 4. d4 cxd4 5. Nxd4 Nf6 6. Bg5 e6 7. Qd2 a6 8.
O-O-O Bd7 9. Kb1 b5 10. f3 Be7 11. h4 Rc8 12. g4 Ne5 13. Qf2 Qc7 14. Bc1 b4 15.
Nce2 Nexg4 16. fxg4 Nxg4 17. Qe1 e5 18. Nf5 Qxc2+ 19. Ka1 Bxf5 20. exf5 Nf2 21.
Qxf2 Qxd1 22. Bg2 Qd3 23. Qf3 Qc4 24. Bg5 h6 25. Rc1 hxg5 26. Rxc4 Rxc4 27. Qa8+
Bd8 28. Bc6+ Ke7 29. hxg5 d5 30. Qb7+ Kf8 31. Bxd5 Rc7 32. Qxb4+ Ke8 33. a4 Bxg5
34. Qd6 Bd8 35. Bc6+ Rxc6 36. Qxc6+ Ke7 37. Nc3 g5 38. Nd5+ Kf8 39. f6 Rh1+ 40.
Ka2 Rd1 41. Ne3 Rd4 42. Nf5 Rd3 43. Ng7 1-0

[Event "PRO League Group Stage"]
[Site "chess.com INT"]
[Date "2018.02.04"]
[Round "4"]
[White "Klimakovs, Sergejs"]
[Black "Villegas, Pierre"]
[Result "1-0"]
[WhiteTitle "FM"]
[BlackTitle "FM"]
[WhiteElo "2309"]
[BlackElo "2320"]
[WhiteTeam "Riga Magicians"]
[BlackTeam "Cannes Blockbusters"]
[WhiteFideId "11602066"]
[BlackFideId "654183"]
[EventDate "2018.01.18"]

1. e4 c6 2. d4 d5 3. e5 Bf5 4. Nf3 e6 5. Be2 c5 6. Be3 cxd4 7. Nxd4 Ne7 8. O-O
Nbc6 9. c4 dxc4 10. Bxc4 Nxd4 11. Bxd4 a6 12. Na3 Nc6 13. Bc3 Qxd1 14. Rfxd1 b5
15. Nxb5 axb5 16. Bxb5 Rc8 17. Rd4 1-0

[Event "PRO League Group Stage"]
[Site "chess.com INT"]
[Date "2018.02.04"]
[Round "4"]
[White "Grigoriants, Sergey"]
[Black "Atalik, Suat"]
[Result "1-0"]
[WhiteTitle "GM"]
[BlackTitle "GM"]
[WhiteElo "2568"]
[BlackElo "2538"]
[WhiteTeam "Volga Stormbringers"]
[BlackTeam "Amsterdam Mosquitoes"]
[WhiteFideId "4130804"]
[BlackFideId "14401487"]
[EventDate "2018.01.18"]

1. e4 e5 2. Nf3 Nc6 3. Bb5 a6 4. Ba4 Nf6 5. O-O Be7 6. d3 d6 7. c3 O-O 8. Nbd2
Re8 9. Re1 Bf8 10. Nf1 h6 11. Ng3 b5 12. Bb3 Na5 13. Bc2 c5 14. h3 Nc6 15. d4
cxd4 16. cxd4 exd4 17. Nxd4 Nxd4 18. Qxd4 Bb7 19. Bd2 d5 20. e5 Ne4 21. Nxe4
dxe4 22. Qxd8 Raxd8 23. Ba5 Rd4 24. Bc3 Rc4 25. Bb3 Rc7 26. Rac1 g5 27. Red1 b4
28. Bd4 Rxc1 29. Rxc1 Rc8 30. Rxc8 Bxc8 31. Kf1 a5 32. Ke2 Ba6+ 33. Ke3 Bf1 34.
e6 Bxg2 35. exf7+ Kh7 36. Bd5 Kg6 37. Bxe4+ Bxe4 38. Kxe4 Kxf7 39. Kf5 a4 40. b3
axb3 41. axb3 Bd6 42. Be3 Bf8 43. f4 gxf4 44. Bxf4 Bg7 45. h4 h5 46. Kg5 Ke6 47.
Kxh5 Kf5 48. Bd6 Bc3 49. Kh6 Kf6 50. h5 Bd2+ 51. Kh7 Kf7 52. Bc5 Kf6 53. Bd4+
Kf7 54. Be5 Be3 55. Bg3 Bd2 56. Bh4 Be3 57. Be1 Bc5 58. Bd2 Bf8 59. Be3 Be7 60.
Kh6 Bf6 61. Bc5 Bc3 62. Kg5 Ke6 63. Kg6 Kd5 64. Bf8 Ke4 65. h6 Kd3 66. Bg7 Kc2
67. h7 Bxg7 68. Kxg7 1-0

[Event "PRO League Group Stage"]
[Site "chess.com INT"]
[Date "2018.02.04"]
[Round "4"]
[White "Klimakovs, Sergejs"]
[Black "Degraeve, Jean-Marc"]
[Result "0-1"]
[WhiteTitle "FM"]
[BlackTitle "GM"]
[WhiteElo "2309"]
[BlackElo "2570"]
[WhiteTeam "Riga Magicians"]
[BlackTeam "Marseille Migraines"]
[WhiteFideId "11602066"]
[BlackFideId "600270"]
[EventDate "2018.01.18"]

1. e4 Nf6 2. e5 Nd5 3. d4 d6 4. Nf3 dxe5 5. Nxe5 c6 6. Bc4 Nd7 7. O-O Nxe5 8.
dxe5 g6 9. Nc3 Be6 10. Ne4 Nc7 11. Bd3 Bg7 12. Bf4 Bf5 13. g4 Bxe4 14. Bxe4 Qxd1
15. Raxd1 Rd8 16. Rxd8+ Kxd8 17. h4 h5 18. g5 Kc8 19. Rd1 Rd8 20. Rxd8+ Kxd8 21.
Bg3 e6 22. f4 Kd7 23. Bf2 a6 24. c4 Bf8 25. Kf1 b5 26. b3 bxc4 27. bxc4 a5 28.
Ke2 Na6 29. Bb6 a4 30. Bc2 a3 31. Be4 Bb4 32. Bf2 Bc5 33. Be1 Kc7 34. Ba5+ Kb7
35. Bc2 Nb4 36. Bxb4 Bxb4 37. Ba4 Kb6 38. Bc2 Kc5 39. Be4 Bc3 40. Bf3 Bb2 41.
Kd2 Bd4 42. Ke2 Bg1 43. Be4 Bd4 44. Bg2 Bb2 45. Kd2 Kb6 46. Bf3 Kc5 47. Bg2 Bd4
48. Ke2 Bc3 49. Be4 Bb2 50. Kd2 Bd4 51. Ke2 Bg1 52. Bg2 Bh2 53. Kf3 Kxc4 54.
Bf1+ Kc3 55. Ba6 c5 56. Bb5 c4 57. Be8 Kb2 58. Bxf7 Kxa2 59. Bxe6 Kb3 0-1

[Event "PRO League Group Stage"]
[Site "chess.com INT"]
[Date "2018.02.04"]
[Round "4"]
[White "Klimakovs, Sergejs"]
[Black "Tan, Justin2"]
[Result "1-0"]
[WhiteTitle "FM"]
[BlackTitle "IM"]
[WhiteElo "2309"]
[BlackElo "2466"]
[WhiteTeam "Riga Magicians"]
[BlackTeam "London Lions"]
[WhiteFideId "11602066"]
[BlackFideId "3206882"]
[EventDate "2018.01.18"]

1. e4 e5 2. Nf3 Nc6 3. Bb5 a6 4. Ba4 Nf6 5. O-O Be7 6. Re1 b5 7. Bb3 d6 8. a4 b4
9. h3 Na5 10. Ba2 c5 11. d3 Rb8 12. Nbd2 O-O 13. Nc4 Be6 14. Nxa5 Qxa5 15. Bc4
Nd7 16. Nd2 Rbe8 17. Nf1 Qb6 18. Ne3 Qc6 19. Bd5 Qc8 20. a5 Bg5 21. Nc4 Bxc1 22.
Rxc1 Bxd5 23. exd5 Qc7 24. c3 bxc3 25. bxc3 f5 26. Qa4 Rc8 27. Rb1 Nf6 28. Nb6
Rcd8 29. Qc4 Qb7 30. Rb2 Rde8 31. Rbe2 Nh5 32. d4 cxd4 33. cxd4 Nf4 34. Re3 e4
35. Rc1 Qf7 36. Qxa6 Nd3 37. Rxd3 exd3 38. Qxd3 Qa7 39. Qb5 Re4 40. a6 Rxd4 41.
Nc8 Qa8 42. Qb7 Qxb7 43. axb7 Rb4 44. Nxd6 1-0